000 00500nam a2200193Ia 4500
003 GCL
008 140319s9999 xx 000 0 eng d
040 _aGCL /
_cGCL
082 0 4 _aCC
_b962.16
_bW C
100 1 _aWIET, GASTON
245 1 0 _aCAIRO, CITY OF ART AND COMMERCE /
_cWIET, GASTON
260 _a[S.N] :
_bGREENWOOD PRESS PUBLISHERS ،
_c1983
300 _a170 P
650 0 4 _aHISTORY
650 0 4 _aCAIRO
650 0 4 _aISLAMIC MONUMENTS
650 0 4 _aEGYPTIAN SOCIETY
942 _2ddc
_cBK
999 _c20505
_d20505